LEADER 00933nam0-22003011i-450 001 990004212410403321 005 20170925104652.0 010 $a84-7256-372-3 035 $a000421241 100 $a20010122d1992----km-y0itay50------ba 101 0 $acat 102 $aES 105 $ay-------001cy 200 1 $aJosep Carner i els origens del nuocentisme$fJaume Aulet 210 $aBarcelona$cCurial Edicions Catalanes$d1992 215 $a373 p.$d23 cm 225 1 $aTextos i estudis de cultura catalana$v26 300 $aSul front.: Premi Milà i Fontanals 1990 de l'Institut d'Estudis catalans 610 0 $aCarner, Josep 676 $a849.9152$v22$zita 700 1$aAulet,$bJaume$0165491 801 0$aIT$bUNINA$gRICA$2UNIMARC 901 $aBK 912 $a990004212410403321 952 $a849.9152 CARN/S 8$bBibl.33390$fFLFBC 959 $aFLFBC 996 $aJosep Carner i els origens del nuocentisme$9483665 997 $aUNINA